[Event "Mallorca-ch Segona"]
[Site "Palma"]
[Date "2017.12.17"]
[Round "6.10"]
[White "Hermida Izquierdo, Miguel Angel"]
[Black "Ramon Sanchez Campins, Pedro"]
[Result "0-1"]
[WhiteElo "1654"]
[BlackElo "1818"]
[PlyCount "68"]
[EventDate "2017.12.02"]
[EventType "swiss"]
[EventRounds "6"]
[EventCountry "ESP"]
[SourceTitle "EXT 2024"]
[Source "ChessBase"]
[SourceDate "2023.10.10"]
[SourceVersion "1"]
[SourceVersionDate "2023.10.10"]
[SourceQuality "1"]

1. c4 Nf6 2. Nc3 c5 3. g3 g6 4. Bg2 Bg7 5. e4 Nc6 6. Nge2 0-0 7. 0-0 Ne8 8. d3 Nd4 9. Be3 e5 10. Rc1 Nc7 11. Qd2 d6 12. h3 f5 13. Bg5 Bf6 14. Bxf6 Qxf6 15. exf5 gxf5 16. f4 Rb8 17. Nxd4 cxd4 18. Ne2 b6 19. Rf2 Qh6 20. Rcf1 Bb7 21. Qe1 Bxg2 22. Kxg2 Qf6 23. Qd2 Rf7 24. Kh2 Kh8 25. Ng1 Rg8 26. Rg2 Ne6 27. fxe5 dxe5 28. Nf3 Qg7 29. Re1 e4 30. dxe4 fxe4 31. Rxe4 Rxf3 32. Rxe6 Rxg3 33. Ree2 d3 34. Ref2 Rxg2+ 0-1

[Event "Santa Margalida Mallorca-ch"]
[Site "Santa Margalida"]
[Date "2016.11.11"]
[Round "1"]
[White "Hermida Izquierdo, Miguel Angel"]
[Black "Sureda Gonzalez, Miquel"]
[Result "1-0"]
[WhiteElo "1688"]
[BlackElo "1043"]
[PlyCount "69"]
[EventDate "2016.11.11"]
[EventType "swiss"]
[EventRounds "8"]
[EventCountry "ESP"]
[SourceTitle "EXT 2018"]
[Source "ChessBase"]
[SourceDate "2017.10.13"]
[SourceVersion "1"]
[SourceVersionDate "2017.10.13"]
[SourceQuality "1"]

1. c4 e5 2. Nc3 Nc6 3. g3 Nf6 4. d3 d5 5. cxd5 Nxd5 6. Bg2 Bb4 7. Bd2 Nf6 8. Nf3 Be6 9. 0-0 0-0 10. Ng5 Bf5 11. Nce4 Bxd2 12. Qxd2 Nxe4 13. Nxe4 Bxe4 14. Bxe4 Qd6 15. Rac1 Rfe8 16. Rc4 f5 17. Bxf5 Rad8 18. Rfc1 Re7 19. e3 Rde8 20. Qc2 Nb4 21. Qb3 Rf7 22. Rxb4 Kf8 23. Bxh7 g6 24. Rh4 b6 25. Qc4 Qf6 26. Rc2 Ree7 27. Bxg6 Qxg6 28. Rg4 Qf5 29. Qe4 Qxe4 30. Rxe4 Rf6 31. d4 Rfe6 32. Rxe5 Rxe5 33. dxe5 c5 34. f4 Kf7 35. Kf2 1-0

[Event "Campos Migjorn op"]
[Site "Campos"]
[Date "2016.10.01"]
[Round "8"]
[White "Ermachenko, Manuel"]
[Black "Hermida Izquierdo, Miguel Angel"]
[Result "0-1"]
[WhiteElo "1531"]
[BlackElo "1671"]
[PlyCount "106"]
[EventDate "2016.09.09"]
[EventType "swiss"]
[EventRounds "8"]
[EventCountry "ESP"]
[SourceTitle "EXT 2017"]
[Source "ChessBase"]
[SourceDate "2016.10.25"]
[SourceVersion "1"]
[SourceVersionDate "2016.10.25"]
[SourceQuality "1"]

1. e4 c5 2. Nf3 Nc6 3. d4 cxd4 4. Nxd4 e5 5. Nb5 a6 6. Nd6+ Bxd6 7. Qxd6 Qf6 8. Qxf6 Nxf6 9. f3 Nb4 10. Kd2 d5 11. a3 Nc6 12. Bd3 Be6 13. exd5 Nxd5 14. Kd1 Nf4 15. Bxf4 exf4 16. Nc3 0-0 17. Re1 Rad8 18. Ke2 Nd4+ 19. Kf1 Nf5 20. Ne2 Ne3+ 21. Kg1 g5 22. g3 fxg3 23. Nxg3 Rxd3 24. cxd3 Nc2 25. Ne4 Nxa1 26. Rxa1 h6 27. d4 f5 28. Nc5 Bd5 29. Kf2 Re8 30. Nd7 Kg7 31. Rc1 Rd8 32. Rc7 Kg6 33. Nc5 Kh5 34. Nxb7 Rb8 35. Nd6 Rxb2+ 36. Kg1 f4 37. Rc3 Rd2 38. Ne8 Kg6 39. Nc7 Rxd4 40. Nxd5 Rxd5 41. Rc6+ Kh5 42. Rxa6 Rc5 43. a4 Rc3 44. Kg2 Rc5 45. Kh3 Rd5 46. Kg2 Rc5 47. Kh3 Rc3 48. Kg2 Rc2+ 49. Kh3 Rf2 50. a5 Rxf3+ 51. Kg2 Rc3 52. Rd6 Rc2+ 53. Kh3 g4# 0-1

[Event "Campos Migjorn op"]
[Site "Campos"]
[Date "2016.09.23"]
[Round "5"]
[White "Hermida Izquierdo, Miguel Angel"]
[Black "Martorell Prats, Antonio"]
[Result "1-0"]
[WhiteElo "1671"]
[BlackElo "1583"]
[PlyCount "55"]
[EventDate "2016.09.09"]
[EventType "swiss"]
[EventRounds "8"]
[EventCountry "ESP"]
[SourceTitle "EXT 2017"]
[Source "ChessBase"]
[SourceDate "2016.10.25"]
[SourceVersion "1"]
[SourceVersionDate "2016.10.25"]
[SourceQuality "1"]

1. c4 c5 2. Nc3 Nc6 3. g3 g6 4. Bg2 Bg7 5. d3 e6 6. e4 Nge7 7. Nge2 0-0 8. 0-0 f5 9. Be3 b6 10. Qd2 Rb8 11. f4 d5 12. d4 Na5 13. b3 Bb7 14. Rad1 a6 15. dxc5 dxc4 16. Qd6 Qxd6 17. Rxd6 Kf7 18. e5 Bxg2 19. Kxg2 Nac6 20. Rfd1 Rfd8 21. Na4 Rxd6 22. Rxd6 Bf8 23. Kf2 Nb4 24. Nc1 Nc8 25. Rd7+ Ke8 26. Rxh7 Ne7 27. h4 Nc2 28. Nd3 1-0

[Event "Balears-ch Amateurs"]
[Site "Palma de Mallorca"]
[Date "2016.03.25"]
[Round "2"]
[White "Hermida Izquierdo, Miguel Angel"]
[Black "Amengual Perello, Jordi"]
[Result "1-0"]
[WhiteElo "1599"]
[BlackElo "1350"]
[PlyCount "91"]
[EventDate "2016.03.24"]
[EventType "swiss"]
[EventRounds "6"]
[EventCountry "ESP"]
[SourceTitle "CBM 171 Extra"]
[Source "ChessBase"]
[SourceDate "2016.04.26"]
[SourceVersion "1"]
[SourceVersionDate "2016.04.26"]
[SourceQuality "1"]

1. c4 c5 2. Nc3 Nc6 3. g3 g6 4. Bg2 Bg7 5. d3 d6 6. e4 e6 7. Nge2 Nge7 8. Bf4 0-0 9. Qd2 b6 10. 0-0 Bb7 11. Bg5 Qc7 12. Bf4 Qd8 13. Nb5 e5 14. Bg5 a6 15. Nbc3 Qc7 16. Rac1 f6 17. Bh6 Nd8 18. Bxg7 Kxg7 19. b4 Ne6 20. f4 f5 21. b5 a5 22. Rce1 Rae8 23. fxe5 dxe5 24. Nd5 Nxd5 25. exd5 Nd8 26. Qb2 Qd7 27. Rf2 Kg8 28. Nc3 Nf7 29. Qd2 Nd6 30. Bh3 Qg7 31. Bg2 Re7 32. Rfe2 f4 33. gxf4 Rxf4 34. Ne4 Nxe4 35. Rxe4 Rf5 36. Bh3 Rf8 37. Be6+ Kh8 38. Rxe5 Bc8 39. Qg2 Rfe8 40. Qg4 Qf6 41. d4 cxd4 42. R5e4 d3 43. Rf1 Qb2 44. Ref4 Bxe6 45. dxe6 Rxe6 46. Rf8+ 1-0

[Event "Calvia Amateur op 7th"]
[Site "Calvia"]
[Date "2010.10.13"]
[Round "5"]
[White "Hermida Izquierdo, Miguel Angel"]
[Black "Gomez Lozano, Santiago"]
[Result "0-1"]
[WhiteElo "1774"]
[BlackElo "1556"]
[PlyCount "106"]
[EventDate "2010.10.09"]
[EventType "swiss"]
[EventRounds "9"]
[EventCountry "ESP"]
[SourceTitle "EXT 2011"]
[Source "ChessBase"]
[SourceDate "2010.11.26"]
[SourceVersion "1"]
[SourceVersionDate "2010.11.26"]
[SourceQuality "1"]

1. c4 Nf6 2. d4 c5 3. Nf3 g6 4. Nc3 Bg7 5. g3 cxd4 6. Qxd4 Nc6 7. Qd1 0-0 8. Bg2 d6 9. 0-0 Be6 10. Qb3 Na5 11. Qb4 Bxc4 12. Bd2 Rc8 13. Rfe1 b6 14. Nd4 Qd7 15. Qa3 Be6 16. b3 Bh3 17. Bh1 Ng4 18. e3 Ne5 19. Ne4 Nac6 20. Nxc6 Rxc6 21. Ng5 Rc2 22. Nxh3 Qxh3 23. Bg2 Qd7 24. Rad1 Rfc8 25. b4 Nc4 26. Qd3 Nb2 27. Qe2 Nxd1 28. Qxd1 Rxa2 29. Rf1 Ra1 30. Qb3 Rxf1+ 31. Bxf1 Rc7 32. Bc4 e6 33. e4 Qc6 34. Bd3 b5 35. Bb1 Bc3 36. Bh6 Qc4 37. Qd1 Bxb4 38. Qf3 Bc3 39. Bd3 Qc5 40. Bxb5 Qxb5 41. e5 d5 42. Qf6 Qb1+ 43. Kg2 Qe4+ 44. f3 Qc2+ 45. Kh1 Qd1+ 46. Kg2 Qe2+ 47. Kh3 Qf1+ 48. Kg4 Rc4+ 49. f4 Qe2+ 50. Kh3 Qh5+ 51. Kg2 Qxh6 52. h4 a5 53. Qd8+ Qf8 0-1

[Event "Calvia Amateur op 7th"]
[Site "Calvia"]
[Date "2010.10.10"]
[Round "2"]
[White "Porte, Henrik"]
[Black "Hermida Izquierdo, Miguel Angel"]
[Result "1-0"]
[WhiteElo "2113"]
[BlackElo "1774"]
[PlyCount "53"]
[EventDate "2010.10.09"]
[EventType "swiss"]
[EventRounds "9"]
[EventCountry "ESP"]
[SourceTitle "EXT 2011"]
[Source "ChessBase"]
[SourceDate "2010.11.26"]
[SourceVersion "1"]
[SourceVersionDate "2010.11.26"]
[SourceQuality "1"]

1. d4 d5 2. c4 Nf6 3. Nc3 e6 4. Bg5 Be7 5. e3 0-0 6. Nf3 b6 7. cxd5 Nxd5 8. Bxe7 Nxe7 9. Bd3 Bb7 10. Bxh7+ Kxh7 11. Ng5+ Kh6 12. Qg4 Nf5 13. f4 Na6 14. 0-0-0 Qd7 15. e4 Nxd4 16. e5 Rh8 17. Rxd4 Qxd4 18. Qh4+ Kg6 19. f5+ exf5 20. Qxd4 Kxg5 21. Rf1 g6 22. Qf4+ Kh5 23. Ne2 g5 24. Ng3+ Kh6 25. Nxf5+ Kh5 26. g4+ Kg6 27. Ne7+ 1-0

[Event "Calvia Amateur op 7th"]
[Site "Calvia"]
[Date "2010.10.09"]
[Round "1"]
[White "Hermida Izquierdo, Miguel Angel"]
[Black "Du Plessis, Heinco"]
[Result "1-0"]
[WhiteElo "1774"]
[BlackElo "2108"]
[PlyCount "135"]
[EventDate "2010.10.09"]
[EventType "swiss"]
[EventRounds "9"]
[EventCountry "ESP"]
[SourceTitle "EXT 2011"]
[Source "ChessBase"]
[SourceDate "2010.11.26"]
[SourceVersion "1"]
[SourceVersionDate "2010.11.26"]
[SourceQuality "1"]

1. c4 c6 2. Nf3 d5 3. cxd5 cxd5 4. d4 Nf6 5. g3 g6 6. Bg2 Bg7 7. Nc3 0-0 8. 0-0 Nc6 9. a3 b6 10. Bf4 Bb7 11. Ne5 e6 12. Nb5 Nh5 13. Bd2 Nxe5 14. dxe5 Bxe5 15. f4 Bxb2 16. Ra2 Bf6 17. Bb4 Be7 18. Bc3 Qd7 19. Qb1 Bc5+ 20. Bd4 Rfc8 21. e3 Bxd4 22. Nxd4 Ng7 23. g4 f5 24. Nf3 Qa4 25. g5 Ba6 26. Re1 Bc4 27. Ra1 Bb3 28. Qb2 Rc2 29. Qf6 Rf8 30. Qe7 Re8 31. Qb7 Rec8 32. Qe7 R2c7 33. Qf6 Rf8 34. Qe5 Qd7 35. Qb2 Ba4 36. Ne5 Qb5 37. Qd4 Bc2 38. Bf1 Qa5 39. Qb2 Rfc8 40. Nf3 Be4 41. Nd4 Qc3 42. Qb5 Qc5 43. Qb2 Kf7 44. a4 Qc3 45. Qb5 Ke7 46. Rac1 Qxc1 47. Rxc1 Rxc1 48. Qb4+ Kd7 49. Kf2 R8c5 50. Bb5+ Kc7 51. Bf1 Kd7 52. Ba6 Rb1 53. Qa3 Rh1 54. Bb5+ Kc7 55. Kg3 Rg1+ 56. Kf2 Rg2+ 57. Kf1 Rxh2 58. Ke1 Kb8 59. Nc6+ Kc7 60. Nd4 Kc8 61. Be2 Kd7 62. a5 Rh1+ 63. Kd2 Rxa5 64. Qf8 Ra2+ 65. Kc3 Rc1+ 66. Kb3 Raa1 67. Bb5+ Kc7 68. Qxg7+ 1-0